A guide to the national conveyancing protocol : TransAction 2001 (Record no. 101719)

MARC details
000 -LEADER
fixed length control field 01210cam a2200289 4500
008 - FIXED-LENGTH DATA ELEMENTS--GENERAL INFORMATION
fixed length control field 011017n2001 000 0 eng u
020 ## - INTERNATIONAL STANDARD BOOK NUMBER
International Standard Book Number 1853287318
035 ## - SYSTEM CONTROL NUMBER
System control number (Sirsi) u115158
050 ## - LIBRARY OF CONGRESS CALL NUMBER
Classification number 346.410438
110 ## - MAIN ENTRY--CORPORATE NAME
Corporate name or jurisdiction name as entry element Law Society of England and Wales
9 (RLIN) 1639
245 #2 - TITLE STATEMENT
Title A guide to the national conveyancing protocol : TransAction 2001
250 ## - EDITION STATEMENT
Edition statement 4th ed.
260 ## - PUBLICATION, DISTRIBUTION, ETC.
Place of publication, distribution, etc. London
Name of publisher, distributor, etc. Law Society
Date of publication, distribution, etc. 2001
300 ## - PHYSICAL DESCRIPTION
Extent viii,66p.
Dimensions 22cm.
350 ## - PRICE (NR) (BK AM CF MU VM SE) [OBSOLETE]
Price 14.99
520 ## - SUMMARY, ETC.
Summary, etc. A new edition of this concise reference guide to using the National Conveyancing Protocol, designed to accelerate the process of collection information for buyers. Includes revised editions of the "Seller's property information form" (Prop 1), the "Sellers leasehold information form" (Prop 4), the "Fixtures, fittings and contents form" (Prop 6) and the "Completion information and requisitions on title form" (Prop. 7).
650 ## - SUBJECT ADDED ENTRY--TOPICAL TERM
Topical term or geographic name entry element BUYERS SURVEYS
650 ## - SUBJECT ADDED ENTRY--TOPICAL TERM
Topical term or geographic name entry element CONTENTS
650 ## - SUBJECT ADDED ENTRY--TOPICAL TERM
Topical term or geographic name entry element CONVEYANCING
650 ## - SUBJECT ADDED ENTRY--TOPICAL TERM
Topical term or geographic name entry element FITTINGS
650 ## - SUBJECT ADDED ENTRY--TOPICAL TERM
Topical term or geographic name entry element FIXTURES
650 ## - SUBJECT ADDED ENTRY--TOPICAL TERM
Topical term or geographic name entry element PROPERTY-LEASEHOLD PROPERTY
650 ## - SUBJECT ADDED ENTRY--TOPICAL TERM
Topical term or geographic name entry element NATIONAL CONVEYANCING PROTOCOL
650 ## - SUBJECT ADDED ENTRY--TOPICAL TERM
Topical term or geographic name entry element SELLERS PROPERTY INFORMATION FORM
690 ## - LOCAL SUBJECT ADDED ENTRY--TOPICAL TERM (OCLC, RLIN)
Topical term or geographic name as entry element PROPERTY
942 ## - ADDED ENTRY ELEMENTS (KOHA)
Suppress in OPAC 0
Holdings
Withdrawn status Lost status Source of classification or shelving scheme Damaged status Not for loan Home library Current library Shelving location Date acquired Cost, normal purchase price Total Checkouts Full call number Barcode Date last seen Date last checked out Copy number Cost, replacement price Price effective from Koha item type
    Dewey Decimal Classification     London London Books 17/01/2002 14.99 3 346.410438 LAW 30065228 06/08/2019 03/05/2005 1 14.99 06/08/2019 Book